Kopírovacie frézovanie : Diplomová práca

Enregistré dans:
Détails bibliographiques
Auteur principal: Tichý, Michal (Auteur)
Autres auteurs: Peterka, Jozef, 1963- (xxx)
Format: Manuscrit Livre
Langue:slovaque
Publié: Trnava : STU v Bratislave MtF KOM, 2002
Sujets:
Tags: Ajouter un tag
Pas de tags, Soyez le premier à ajouter un tag!

MARC

LEADER 00000ntm a22000003a 4500
001 stu76314
005 20160719155027.5
008 020626s2002----xo------------------slo-d
040 |a STU  |b slo 
041 0 |a slo 
044 |a xo 
100 1 |a Tichý, Michal  |4 aut 
245 1 |a Kopírovacie frézovanie :  |b Diplomová práca 
260 |a Trnava :  |b STU v Bratislave MtF KOM,  |c 2002 
300 |a 55 s  |c abstr. + CD 
650 7 |a kopírovacie frézovanie  |2 stusub 
650 7 |a strojárske technológie  |2 stusub 
700 1 |a Peterka, Jozef,  |d 1963-  |4 xxx  |u M3000  |U MTF Materiálovotechnologická fakulta  |T MTF Ústav výrobných technológií  |X 278  |U M3000  |Y 83  |7 A000000278